| 000 | 00533nam a2200229Ia 4500 | ||
|---|---|---|---|
| 003 | 0100 | ||
| 008 | 130303s9999 xx 000 0 und d | ||
| 020 | _a0262680637 | ||
| 040 | _cARRUPELIB | ||
| 050 | _aBJ1012.U52 1990 | ||
| 245 | _aUniversalism vs. communitarianism | ||
| 245 | _bcontemporary debates in ethics | ||
| 250 | _a1st ed. | ||
| 260 | _aCambridge | ||
| 260 | _bMIT Press | ||
| 260 | _C1990 | ||
| 300 | _a297p. | ||
| 300 | _b 24cm. | ||
| 650 | _aETHICS | ||
| 700 | _aRasmussen , David (ed.) | ||
| 942 | 0 | 0 | _01 |
| 999 |
_c14941 _d14941 |
||